|
|
|
|
| LEADER |
00000ckmaa2200000 a 4500 |
| 001 |
vtls011628380 |
| 003 |
SK-MaSNL |
| 005 |
20260302020354.0 |
| 007 |
kf bo |
| 008 |
230706q1913 xo g 00 kuhun |
| 015 |
|
|
|a SNBG1913
|
| 035 |
|
|
|a urn:nbn:sk:snk-km00ef1o
|
| 035 |
|
|
|a urn:nbn:sk:snk-km43dyv
|
| 035 |
|
|
|a EB2349EE-0EFF-4072-8400-B8E66BBD8EBB
|
| 040 |
|
|
|a SNK
|b slo
|c SNK
|e AACR2
|
| 041 |
0 |
|
|a hun
|
| 043 |
|
|
|a e-xo---
|
| 044 |
|
|
|a xo
|c SK
|a au
|c AT
|
| 072 |
|
7 |
|a 913
|x Regionálna geografia
|2 konspekt
|
| 080 |
|
|
|a 913(437.6)
|2 2011
|
| 080 |
|
|
|a 726:27-523.42
|2 2011
|
| 080 |
|
|
|a 711.73
|2 2011
|
| 080 |
|
|
|a 556.524
|2 2011
|
| 080 |
|
|
|a 94(084.121)
|2 2011
|
| 245 |
0 |
0 |
|a Nemeskosztolány
|h grafika
|b Röm.-Kath. Templom
|
| 260 |
|
|
|a Pozsony
|a Felsöör
|b Karinger Károly
|c [1913?]
|
| 300 |
|
|
|a 1 pohľadnica (2 čiastkové pohľady)
|b čiernobiela
|c 9 x 14 cm
|
| 500 |
|
|
|a Názvové údaje prevzaté z obrazovej časti pohľadnice
|
| 520 |
8 |
|
|a Zobrazenie: Dva čiastkové pohľady na bielom podklade. Pohľad na snímke vľavo na Kostol sv. Jána Krstiteľa, pred ktorým je niekoľko ľudí, na snímke vpravo pohľad na ulicu za potokom v popredí
|
| 650 |
0 |
7 |
|a kostoly
|2 SNKPH
|9 3023
|
| 650 |
0 |
7 |
|a ulice
|2 SNKPH
|9 2938
|
| 650 |
0 |
7 |
|a potoky
|2 SNKPH
|9 31771
|
| 651 |
|
7 |
|a Zemianske Kostoľany (Slovensko)
|2 SNKPHgeo
|9 59294
|
| 651 |
|
7 |
|a Prievidza (Slovensko : okres)
|2 SNKPHgeo
|9 71029
|
| 655 |
|
7 |
|a miestne pohľadnice
|2 SNKPH
|9 70510
|
| 655 |
|
7 |
|a historické pohľadnice
|2 SNKPH
|9 159703
|
| 752 |
|
|
|a Slovensko
|d Bratislava
|
| 752 |
|
|
|a Rakúsko
|d Oberwart
|
| 852 |
|
|
|a Slovenská národná knižnica
|
| 958 |
|
|
|a GBN
|
| 958 |
|
|
|a ONDV
|
| 958 |
|
|
|a GC
|
| 999 |
|
|
|c 1024883
|d 1026813
|
| 952 |
|
|
|a SNK
|b SNK
|y PREZ
|7 0
|p 17A1221080
|o snkSP 25730
|z Pohľadnica prešla poštou.
|0 0
|1 0
|4 0
|d 2017-05-10
|f 1
|l 0
|r 2026-02-24 13:35:53
|w 2026-02-24
|